[Event "College Final Four"]
[Site "New York USA"]
[Date "2016.04.02"]
[Round "2.1"]
[White "Kovalyov, Anton"]
[Black "Le Quang, Liem"]
[Result "0-1"]
[WhiteElo "2608"]
[BlackElo "2709"]
[PlyCount "154"]
[GameId "2130307646530629"]
[EventDate "2016.04.02"]
[EventType "team"]
[EventRounds "3"]
[EventCountry "USA"]
[SourceTitle "Mega2016 Update 27"]
[Source "Chessbase"]
[SourceDate "2016.04.08"]
[SourceVersion "1"]
[SourceVersionDate "2016.04.08"]
[SourceQuality "1"]
[WhiteTeam "Texas Rio Grande Valley Univ"]
[BlackTeam "Webster Univ"]
[WhiteTeamCountry "USA"]
[BlackTeamCountry "USA"]

1. c4 c6 2. d4 d5 3. Nf3 Nf6 4. e3 Bf5 5. Nc3 e6 6. Nh4 Be4 7. f3 Bg6 8. Qb3 Qc7 9. Bd2 Be7 10. g3 Bh5 11. Be2 dxc4 12. Qxc4 a6 13. Ng2 b5 14. Qb3 c5 15. Nf4 Bg6 16. Rc1 Nbd7 17. Nxg6 hxg6 18. dxc5 Nxc5 19. Qc2 Rc8 20. O-O O-O 21. b4 Na4 22. Qb3 Nxc3 23. Rxc3 Qa7 24. Rxc8 Rxc8 25. Kh1 Nd5 26. a3 Bf6 27. Rc1 Rxc1+ 28. Bxc1 Qc7 29. Qd1 Qe5 30. e4 Nc3 31. Qc2 Nxe2 32. Qxe2 Qc3 33. Qd1 Bd4 34. Kg2 f5 35. g4 fxe4 36. fxe4 e5 37. g5 Qc6 38. Qb3+ Kf8 39. Qf3+ Ke7 40. Be3 Qc2+ 41. Kg3 Qc3 42. Bf2 Bxf2+ 43. Kxf2 Qd2+ 44. Kf1 Qxg5 45. Qd3 Qc1+ 46. Kg2 Qb2+ 47. Kg3 Qd4 48. Qc2 Qg1+ 49. Kf3 Qf1+ 50. Kg3 Qf4+ 51. Kg2 Kf6 52. Qd3 Kg5 53. Qd8+ Kh5 54. Qd3 g5 55. Qh3+ Qh4 56. Qd3 Qg4+ 57. Kf2 Qf4+ 58. Kg1 Kh4 59. Kg2 Qg4+ 60. Kh1 Qh3 61. Qd1 Qxa3 62. Qe2 Qc1+ 63. Kg2 Qf4 64. Qd3 Qg4+ 65. Kh1 Qh3 66. Qe2 g4 67. Kg1 g3 68. hxg3+ Qxg3+ 69. Kf1 Qf4+ 70. Ke1 g5 71. Qc2 g4 72. Qc6 g3 73. Qg6 g2 74. Qh7+ Kg3 75. Qg7+ Kf3 76. Kd1 Kf2 77. Qa7+ Qe3 0-1

[Event "College Final Four"]
[Site "New York USA"]
[Date "2016.04.03"]
[Round "3.2"]
[White "Shen, Arthur"]
[Black "Kovalyov, Anton"]
[Result "1-0"]
[WhiteElo "2382"]
[BlackElo "2608"]
[PlyCount "71"]
[GameId "2130307646530641"]
[EventDate "2016.04.02"]
[EventType "team"]
[EventRounds "3"]
[EventCountry "USA"]
[SourceTitle "Mega2016 Update 27"]
[Source "Chessbase"]
[SourceDate "2016.04.08"]
[SourceVersion "1"]
[SourceVersionDate "2016.04.08"]
[SourceQuality "1"]
[WhiteTeam "Columbia Univ"]
[BlackTeam "Texas Rio Grande Valley Univ"]
[WhiteTeamCountry "USA"]
[BlackTeamCountry "USA"]

1. e4 c5 2. Nf3 d6 3. d4 cxd4 4. Nxd4 Nf6 5. Nc3 a6 6. h3 e6 7. g4 h6 8. Bg2 Nc6 9. Be3 Nd7 10. Qe2 Qc7 11. O-O-O Na5 12. Nf5 Nf6 13. Bf4 Nc4 14. Nxd6+ Bxd6 15. Bxd6 Nxd6 16. e5 Nb5 17. Nxb5 axb5 18. exf6 Rxa2 19. Qxb5+ Bd7 20. fxg7 Ra1+ 21. Kd2 Qf4+ 22. Ke1 Rxd1+ 23. Kxd1 Rg8 24. Qxb7 Rxg7 25. Qa8+ Ke7 26. Qa3+ Ke8 27. Qa8+ Ke7 28. Qa3+ Ke8 29. Qf3 Qg5 30. Qe4 f5 31. f4 Qd8 32. Qd4 Kf8 33. Kc1 Qh4 34. Bb7 Qg3 35. gxf5 exf5 36. Bd5 1-0

[Event "PanAm Intercoll."]
[Site "Cleveland USA"]
[Date "2015.12.29"]
[Round "4"]
[White "Kovalyov, Anton"]
[Black "Popilski, Gil"]
[Result "1/2-1/2"]
[WhiteElo "2605"]
[BlackElo "2572"]
[PlyCount "101"]
[GameId "2130307649592995"]
[EventDate "2015.12.27"]
[EventType "team"]
[EventRounds "6"]
[EventCountry "USA"]
[SourceTitle "Mega2016 Update 14"]
[Source "Chessbase"]
[SourceDate "2016.01.08"]
[SourceVersion "1"]
[SourceVersionDate "2016.01.08"]
[SourceQuality "1"]
[WhiteTeam "Texas Rio Grande Univ"]
[BlackTeam "Dallas Texas Univ"]
[WhiteTeamCountry "USA"]
[BlackTeamCountry "USA"]

1. Nf3 Nf6 2. c4 c5 3. g3 Nc6 4. Nc3 d5 5. d4 cxd4 6. Nxd4 e5 7. Nxc6 bxc6 8. cxd5 cxd5 9. Bg2 Be6 10. O-O Rc8 11. Qa4+ Qd7 12. Qxd7+ Kxd7 13. Rd1 Bc5 14. Nxd5 Bxd5 15. Bxd5 Nxd5 16. Rxd5+ Ke6 17. Rd2 Bd4 18. Kf1 Rc6 19. Rb1 Rhc8 20. Rd1 Rc2 21. e3 Bb6 22. Bd2 Kf5 23. Bc3 Ke4 24. Rbc1 Rxc1 25. Rxc1 Kf3 26. Rd1 Rc7 27. Rd5 f6 28. a4 Bc5 29. Ke1 Be7 30. Rb5 g5 31. a5 h5 32. a6 Rc6 33. Rb7 Bc5 34. Rf7 Kg2 35. Rh7 Rxa6 36. Rxh5 Ra1+ 37. Ke2 Rf1 38. f4 e4 39. fxg5 Rf2+ 40. Ke1 Rf1+ 41. Ke2 Rf2+ 42. Kd1 Rf1+ 43. Kc2 Rf2+ 44. Kb3 fxg5 45. Kc4 Bxe3 46. Kd5 Bc1 47. Kxe4 Bxb2 48. Bxb2 Rxb2 49. Rxg5 Kxh2 50. Ra5 Kxg3 51. Rxa7 1/2-1/2

[Event "PanAm Intercoll."]
[Site "Cleveland USA"]
[Date "2015.12.29"]
[Round "5"]
[White "Iotov, Valentine"]
[Black "Kovalyov, Anton"]
[Result "1/2-1/2"]
[WhiteElo "2513"]
[BlackElo "2605"]
[PlyCount "43"]
[GameId "2130307649593001"]
[EventDate "2015.12.27"]
[EventType "team"]
[EventRounds "6"]
[EventCountry "USA"]
[SourceTitle "Mega2016 Update 14"]
[Source "Chessbase"]
[SourceDate "2016.01.08"]
[SourceVersion "1"]
[SourceVersionDate "2016.01.08"]
[SourceQuality "1"]
[WhiteTeam "Dallas Texas Univ"]
[BlackTeam "Texas Rio Grande Univ"]
[WhiteTeamCountry "USA"]
[BlackTeamCountry "USA"]

1. d4 Nf6 2. Bg5 d5 3. e3 g6 4. Bxf6 exf6 5. g3 c6 6. Bg2 f5 7. Nd2 Nd7 8. Ne2 Nf6 9. O-O Bg7 10. c4 dxc4 11. Nxc4 O-O 12. Rc1 Re8 13. b4 Ne4 14. Nc3 Qe7 15. a3 h5 16. Nd2 Nd6 17. a4 Bd7 18. Qb3 Be6 19. Qb1 Rac8 20. Rfd1 h4 21. Nb3 Ne4 22. Nxe4 1/2-1/2

[Event "USA Chess Masters"]
[Site "Greensboro USA"]
[Date "2015.08.27"]
[Round "1"]
[White "Aleskerov, Faik"]
[Black "Kovalyov, Anton"]
[Result "1/2-1/2"]
[WhiteElo "2314"]
[BlackElo "2616"]
[PlyCount "70"]
[GameId "2130307654982901"]
[EventDate "2015.08.27"]
[EventType "swiss"]
[EventRounds "9"]
[EventCountry "USA"]
[SourceTitle "Mega2015 Update 42"]
[Source "Chessbase"]
[SourceDate "2015.09.11"]
[SourceVersion "1"]
[SourceVersionDate "2015.09.11"]
[SourceQuality "1"]

1. e4 c5 2. Nf3 e6 3. d4 cxd4 4. Nxd4 Nc6 5. Nc3 Qc7 6. Be3 a6 7. Be2 Nf6 8. a3 Be7 9. O-O O-O 10. Kh1 Ne5 11. f4 Nc4 12. Bc1 d6 13. Qd3 b5 14. Ndxb5 axb5 15. Nxb5 Qa5 16. Qxc4 Ba6 17. a4 Rfc8 18. Qd4 d5 19. Bd2 Qd8 20. exd5 Rxc2 21. d6 Bxd6 22. Bf3 Nd5 23. Bxd5 exd5 24. Bc3 Bf8 25. Qd3 Bxb5 26. axb5 Rxa1 27. Rxa1 Rf2 28. Qe3 Rc2 29. b6 Qd7 30. h3 Qc6 31. Qd3 Rf2 32. Qe3 Rc2 33. Qd3 Rf2 34. Qe3 Qd7 35. Qd3 Re2 1/2-1/2

[Event "USA Chess Masters"]
[Site "Greensboro USA"]
[Date "2015.08.29"]
[Round "4"]
[White "Kovalyov, Anton"]
[Black "Macieja, Bartlomiej"]
[Result "1/2-1/2"]
[WhiteElo "2616"]
[BlackElo "2574"]
[PlyCount "34"]
[GameId "2130307654982924"]
[EventDate "2015.08.27"]
[EventType "swiss"]
[EventRounds "9"]
[EventCountry "USA"]
[SourceTitle "Mega2015 Update 42"]
[Source "Chessbase"]
[SourceDate "2015.09.11"]
[SourceVersion "1"]
[SourceVersionDate "2015.09.11"]
[SourceQuality "1"]

1. Nf3 d5 2. d4 Nf6 3. c4 e6 4. g3 dxc4 5. Bg2 Nc6 6. O-O Rb8 7. Bg5 Be7 8. Nc3 a6 9. e4 O-O 10. Qe2 Nxd4 11. Nxd4 Qxd4 12. Rad1 Qe5 13. Bf4 Qc5 14. Be3 Qa5 15. Bd2 Qc5 16. Be3 Qa5 17. Bd2 Qc5 1/2-1/2

[Event "USA Chess Masters"]
[Site "Greensboro USA"]
[Date "2015.08.29"]
[Round "5"]
[White "Vazquez, Guillermo"]
[Black "Kovalyov, Anton"]
[Result "1/2-1/2"]
[WhiteElo "2427"]
[BlackElo "2616"]
[PlyCount "97"]
[GameId "2130307654982927"]
[EventDate "2015.08.27"]
[EventType "swiss"]
[EventRounds "9"]
[EventCountry "USA"]
[SourceTitle "Mega2015 Update 42"]
[Source "Chessbase"]
[SourceDate "2015.09.11"]
[SourceVersion "1"]
[SourceVersionDate "2015.09.11"]
[SourceQuality "1"]

1. e4 c5 2. Nf3 d6 3. d4 cxd4 4. Qxd4 Nf6 5. Bb5+ Nc6 6. c4 Nd7 7. Qe3 e6 8. O-O Be7 9. Nc3 O-O 10. Rd1 Qc7 11. b3 a6 12. Bxc6 bxc6 13. Bb2 Rd8 14. Rd2 Bb7 15. Rad1 c5 16. h3 Rab8 17. Ne1 Bf8 18. Nc2 Ne5 19. Qg3 Nc6 20. f4 f6 21. f5 e5 22. Nd5 Qf7 23. Kh2 Nd4 24. Bc3 Bxd5 25. cxd5 g6 26. Bxd4 cxd4 27. Na3 a5 28. Nc4 Rb5 29. fxg6 Qxg6 30. Qd3 Rdb8 31. Rf2 Be7 32. Rdf1 Qg7 33. Nb2 Rc5 34. Rc2 Rbc8 35. Rxc5 Rxc5 36. Nc4 Kh8 37. a4 Rc8 38. Rf3 Qh6 39. Nxa5 Rc3 40. Qe2 f5 41. Rxf5 d3 42. Qf3 d2 43. Qxc3 d1=Q 44. Qc8+ Kg7 45. Qe8 Bf6 46. Qd7+ Kg8 47. Qe6+ Kg7 48. Qd7+ Kg8 49. Qe6+ 1/2-1/2

[Event "USA Chess Masters"]
[Site "Greensboro USA"]
[Date "2015.08.30"]
[Round "7"]
[White "Shmeliov, Denis"]
[Black "Kovalyov, Anton"]
[Result "0-1"]
[WhiteElo "2398"]
[BlackElo "2616"]
[PlyCount "152"]
[GameId "2130307654982937"]
[EventDate "2015.08.27"]
[EventType "swiss"]
[EventRounds "9"]
[EventCountry "USA"]
[SourceTitle "Mega2015 Update 42"]
[Source "Chessbase"]
[SourceDate "2015.09.11"]
[SourceVersion "1"]
[SourceVersionDate "2015.09.11"]
[SourceQuality "1"]

1. d4 Nf6 2. c4 e6 3. Nc3 Bb4 4. Qc2 c5 5. dxc5 Bxc5 6. Nf3 Qc7 7. g3 a6 8. Bg2 Be7 9. b3 b6 10. O-O Bb7 11. Bf4 d6 12. Rfd1 Nh5 13. Bg5 Nf6 14. Bf4 O-O 15. Rac1 Rd8 16. Qd2 Nh5 17. Bg5 Nf6 18. Bf4 Bf8 19. Qd3 h6 20. e4 Nh5 21. Be3 Nd7 22. Qe2 Nhf6 23. Nd4 Nc5 24. f3 Rac8 25. Qf2 Qb8 26. Bh3 Re8 27. Nde2 Ba8 28. Nd4 Ncd7 29. Bf1 Rc7 30. Bh3 Ne5 31. Rc2 Qb7 32. Bg2 Kh8 33. Kh1 Qb8 34. a4 Rcc8 35. Rcc1 Ned7 36. Rb1 Nc5 37. Nde2 Rcd8 38. Nf4 Qc7 39. Nd3 Kg8 40. Nf4 Rb8 41. Kg1 Be7 42. Kh1 Kh8 43. Nd3 Rg8 44. Qd2 Ncd7 45. Qf2 g5 46. Qd2 Nc5 47. Nxc5 bxc5 48. f4 Ng4 49. Bg1 gxf4 50. Qxf4 Bf8 51. Ne2 Qe7 52. Nc1 Qf6 53. Qxf6+ Nxf6 54. e5 Bxg2+ 55. Kxg2 dxe5 56. Nd3 Ne4 57. Re1 f5 58. Nxe5 Rg7 59. Rbd1 Kg8 60. Rd3 Rgb7 61. Ree3 h5 62. Nd7 Rc8 63. a5 Be7 64. Nb6 Rd8 65. Rxd8+ Bxd8 66. Rxe4 fxe4 67. Bxc5 Rf7 68. b4 Bg5 69. b5 Bd2 70. bxa6 e3 71. a7 Rxa7 72. Kf3 Rxa5 73. Nd7 Bc1 74. Bd4 Ra2 75. Nf6+ Kf7 76. Ne4 Rxh2 0-1

[Event "USA Chess Masters"]
[Site "Greensboro USA"]
[Date "2015.08.31"]
[Round "8"]
[White "Kovalyov, Anton"]
[Black "Zherebukh, Yaroslav"]
[Result "0-1"]
[WhiteElo "2616"]
[BlackElo "2637"]
[PlyCount "86"]
[GameId "2130307654982941"]
[EventDate "2015.08.27"]
[EventType "swiss"]
[EventRounds "9"]
[EventCountry "USA"]
[SourceTitle "Mega2015 Update 42"]
[Source "Chessbase"]
[SourceDate "2015.09.11"]
[SourceVersion "1"]
[SourceVersionDate "2015.09.11"]
[SourceQuality "1"]

1. Nf3 d5 2. d4 Nf6 3. c4 c6 4. e3 e6 5. b3 Ne4 6. Bd3 f5 7. O-O Nd7 8. Bb2 b6 9. Qc1 Bb7 10. Nc3 Bd6 11. Ne2 O-O 12. Ne5 c5 13. f3 cxd4 14. Nxd7 Qxd7 15. exd4 dxc4 16. bxc4 Qc7 17. h3 Bh2+ 18. Kh1 Ng3+ 19. Nxg3 Bxg3 20. Qe3 Rfe8 21. a4 Bf4 22. Qe2 a5 23. Rab1 Bc6 24. Bc2 Qd7 25. Ra1 Rad8 26. Bb3 Qe7 27. Qf2 Qb4 28. Qc2 Qe7 29. Qf2 Qb4 30. Qc2 Qe7 31. d5 Qh4 32. Bc1 Be5 33. Rb1 exd5 34. cxd5 Bd7 35. f4 Bd6 36. Qd3 Re4 37. Be3 b5 38. Bf2 Qxf4 39. Bg1 Qe5 40. axb5 a4 41. Bc2 Rc8 42. Qd1 Re2 43. Bd3 Rxg2 0-1

[Event "DC int."]
[Site "Arlington USA"]
[Date "2015.06.25"]
[Round "1.3"]
[White "Kovalyov, Anton"]
[Black "Panchanatham, Vignesh"]
[Result "1-0"]
[WhiteElo "2613"]
[BlackElo "2227"]
[PlyCount "97"]
[GameId "2130307657897825"]
[EventDate "2015.06.25"]
[EventType "swiss"]
[EventRounds "9"]
[EventCountry "USA"]
[SourceTitle "The Week in Chess 1077"]
[Source "Mark Crowther"]
[SourceDate "2015.06.29"]
[SourceVersion "1"]
[SourceVersionDate "2015.06.29"]
[SourceQuality "2"]

1. Nf3 Nf6 2. c4 c6 3. d4 d5 4. e3 e6 5. b3 Nbd7 6. Bb2 Be7 7. Bd3 O-O 8. O-O Ne4 9. Nc3 f5 10. Ne2 Qe8 11. Nf4 Qf7 12. h4 Re8 13. g3 Bf6 14. Rc1 Nf8 15. Ne5 Bxe5 16. dxe5 b6 17. cxd5 cxd5 18. Bd4 Bb7 19. b4 Qd7 20. Kh2 Rac8 21. Qe2 Bc6 22. Ba6 Rcd8 23. f3 Nd6 24. exd6 e5 25. b5 Ba8 26. Ba1 Qxd6 27. Nd3 f4 28. Qf2 fxe3 29. Qxe3 d4 30. Qd2 Ng6 31. Rce1 Re6 32. Nb4 Nxh4 33. gxh4 e4+ 34. f4 Rh6 35. Qxd4 Rxh4+ 36. Kg3 Rg4+ 37. Kxg4 Qg6+ 38. Kh4 Rxd4 39. Bxd4 e3 40. Nc6 Qg2 41. Bc8 Bxc6 42. bxc6 Qxc6 43. Bg4 Qh6+ 44. Kg3 Qg6 45. f5 Qd6+ 46. Rf4 g5 47. fxg6 hxg6 48. Rxe3 g5 49. Re8+ 1-0

[Event "DC int."]
[Site "Arlington USA"]
[Date "2015.06.26"]
[Round "2"]
[White "Shen, Arthur"]
[Black "Kovalyov, Anton"]
[Result "0-1"]
[WhiteElo "2339"]
[BlackElo "2613"]
[PlyCount "70"]
[GameId "2130307657897835"]
[EventDate "2015.06.25"]
[EventType "swiss"]
[EventRounds "9"]
[EventCountry "USA"]
[SourceTitle "Mega2015 Update 33"]
[Source "Chessbase"]
[SourceDate "2015.07.10"]
[SourceVersion "1"]
[SourceVersionDate "2015.07.10"]
[SourceQuality "1"]

1. e4 c5 2. Nf3 d6 3. d4 cxd4 4. Nxd4 Nf6 5. Nc3 a6 6. Bg5 Nbd7 7. Qe2 e6 8. f4 Qc7 9. O-O-O b5 10. a3 Bb7 11. g4 Be7 12. Bh4 Nb6 13. g5 Nfd7 14. Bh3 Qc4 15. Qf3 g6 16. b3 Qc5 17. Kb2 Rc8 18. Bxe6 fxe6 19. Nxe6 Qxc3+ 20. Qxc3 Rxc3 21. Kxc3 Kf7 22. Nd4 Bxe4 23. Rhf1 d5 24. Kb2 Bc5 25. c3 h6 26. Bg3 Nc8 27. gxh6 Ne7 28. Nf3 Bxf3 29. Rxf3 Rxh6 30. a4 bxa4 31. b4 Bd6 32. f5 gxf5 33. Bxd6 Rxd6 34. c4 Ne5 35. c5 Rh6 0-1

[Event "DC int."]
[Site "Arlington USA"]
[Date "2015.06.26"]
[Round "3.2"]
[White "Kovalyov, Anton"]
[Black "Liang, Awonder"]
[Result "1/2-1/2"]
[WhiteElo "2613"]
[BlackElo "2370"]
[PlyCount "65"]
[GameId "2130307657901944"]
[EventDate "2015.06.25"]
[EventType "swiss"]
[EventRounds "9"]
[EventCountry "USA"]
[SourceTitle "The Week in Chess 1077"]
[Source "Mark Crowther"]
[SourceDate "2015.06.29"]
[SourceVersion "1"]
[SourceVersionDate "2015.06.29"]
[SourceQuality "2"]

1. Nf3 Nf6 2. c4 g6 3. Nc3 Bg7 4. e4 d6 5. d4 O-O 6. Be2 e5 7. Be3 Na6 8. O-O Ng4 9. Bg5 Qe8 10. Re1 exd4 11. Nd5 c6 12. Ne7+ Kh8 13. Nxc8 Rxc8 14. Nxd4 Nf6 15. Bf4 Qxe4 16. Bxd6 Rfe8 17. c5 Nb4 18. Nf3 Qc2 19. Ne5 Qxd1 20. Raxd1 Kg8 21. Bc4 Nbd5 22. f4 Bf8 23. Bxf8 Kxf8 24. g3 Re7 25. Kf2 Rce8 26. Kf3 Nc7 27. Rd4 Nfd5 28. Rde4 Ne6 29. Bxd5 cxd5 30. Rb4 Nxc5 31. Rd1 Rd8 32. Rbd4 Nd7 33. Rxd5 1/2-1/2

[Event "DC int."]
[Site "Arlington USA"]
[Date "2015.06.27"]
[Round "4"]
[White "Gauri, Shankar"]
[Black "Kovalyov, Anton"]
[Result "0-1"]
[WhiteElo "2365"]
[BlackElo "2613"]
[PlyCount "164"]
[GameId "2130307657901948"]
[EventDate "2015.06.25"]
[EventType "swiss"]
[EventRounds "9"]
[EventCountry "USA"]
[SourceTitle "Mega2015 Update 33"]
[Source "Chessbase"]
[SourceDate "2015.07.10"]
[SourceVersion "1"]
[SourceVersionDate "2015.07.10"]
[SourceQuality "1"]

1. e4 c5 2. Nf3 d6 3. Bb5+ Nc6 4. O-O Bd7 5. Re1 a6 6. Bc4 b5 7. Bf1 Bg4 8. h3 Bxf3 9. Qxf3 Nf6 10. a4 b4 11. c3 g6 12. Qd1 Qb6 13. a5 Qb7 14. d4 bxc3 15. bxc3 cxd4 16. cxd4 Bg7 17. Na3 O-O 18. Rb1 Qc7 19. d5 Nxa5 20. Be3 Qd7 21. Bb6 Nb7 22. Nc4 Rae8 23. Bd4 Qc7 24. Bb6 Qc8 25. Bd4 Nd7 26. Nb6 Nxb6 27. Bxg7 Kxg7 28. Bxa6 Qc5 29. Rc1 Qb4 30. Rb1 Qa4 31. Bxb7 Qxd1 32. Rexd1 Nc4 33. Rb4 Ne5 34. f4 Nd7 35. Bc6 Rd8 36. Bxd7 Rxd7 37. Rdb1 f5 38. g3 Rc8 39. exf5 gxf5 40. g4 Rc2 41. R1b2 Rdc7 42. Rxc2 Rxc2 43. Rd4 Kg6 44. Kh1 Rb2 45. Kg1 Re2 46. Kh1 fxg4 47. hxg4 h5 48. g5 Kf5 49. Kg1 Rc2 50. Kf1 h4 51. Kg1 Rb2 52. Kh1 Rc2 53. Kg1 Ra2 54. Kh1 h3 55. Kg1 Re2 56. Kh1 Kg4 57. g6 Kf5 58. g7 Rg2 59. g8=Q Rxg8 60. Kh2 Rh8 61. Ra4 Rh5 62. Ra7 Kf6 63. Rb7 Rh4 64. Rb4 Kf5 65. Rb7 Rh7 66. Rb4 Kg4 67. Re4 Rf7 68. Re1 Rxf4 69. Rxe7 Rf2+ 70. Kh1 Rd2 71. Rg7+ Kf4 72. Rh7 Rxd5 73. Rxh3 Rg5 74. Rd3 d5 75. Kh2 Ke4 76. Rd1 d4 77. Kh3 d3 78. Kh4 Rg8 79. Re1+ Kf3 80. Re7 Rd8 81. Rf7+ Kg2 82. Rg7+ Kh2 0-1

[Event "DC int."]
[Site "Arlington USA"]
[Date "2015.06.27"]
[Round "5.3"]
[White "Kovalyov, Anton"]
[Black "Wu, Christopher"]
[Result "1-0"]
[WhiteElo "2613"]
[BlackElo "2317"]
[PlyCount "73"]
[GameId "2130307657901970"]
[EventDate "2015.06.25"]
[EventType "swiss"]
[EventRounds "9"]
[EventCountry "USA"]
[SourceTitle "The Week in Chess 1077"]
[Source "Mark Crowther"]
[SourceDate "2015.06.29"]
[SourceVersion "1"]
[SourceVersionDate "2015.06.29"]
[SourceQuality "2"]

1. Nf3 c5 2. c4 Nc6 3. d4 cxd4 4. Nxd4 Nf6 5. Nc3 e6 6. a3 Be7 7. e4 O-O 8. Nf3 d6 9. Be2 a6 10. O-O Qc7 11. Bg5 b6 12. Rc1 Ne5 13. Nd2 Bb7 14. Be3 Rac8 15. f4 Ned7 16. Bf3 Qb8 17. Qe2 Bc6 18. b4 Qa8 19. Bf2 a5 20. Rfd1 Rfd8 21. g4 axb4 22. axb4 Qa3 23. Qe3 Ba8 24. Nd5 Qxe3 25. Nxe7+ Kf8 26. Bxe3 Kxe7 27. Ra1 d5 28. exd5 exd5 29. g5 Ne4 30. Nxe4 dxe4 31. Bg4 Bc6 32. Ra7 b5 33. Bb6 bxc4 34. Bxd8+ Rxd8 35. Rc7 Ba4 36. Rd4 c3 37. Rxc3 1-0

[Event "DC int."]
[Site "Arlington USA"]
[Date "2015.06.28"]
[Round "6"]
[White "Georgiadis, Nico"]
[Black "Kovalyov, Anton"]
[Result "1/2-1/2"]
[WhiteElo "2479"]
[BlackElo "2613"]
[PlyCount "73"]
[GameId "2130307657901975"]
[EventDate "2015.06.25"]
[EventType "swiss"]
[EventRounds "9"]
[EventCountry "USA"]
[SourceTitle "Mega2015 Update 33"]
[Source "Chessbase"]
[SourceDate "2015.07.10"]
[SourceVersion "1"]
[SourceVersionDate "2015.07.10"]
[SourceQuality "1"]

1. d4 Nf6 2. c4 e6 3. g3 d5 4. Nf3 Be7 5. Bg2 O-O 6. Qc2 c6 7. O-O b6 8. Rd1 Nbd7 9. b3 Bb7 10. Nc3 Ba6 11. Bb2 Rc8 12. e4 dxc4 13. Nd2 b5 14. bxc4 bxc4 15. Na4 Bb5 16. Nxc4 Nb6 17. Naxb6 axb6 18. Qb3 Qc7 19. a4 Bxc4 20. Qxc4 Rfd8 21. Rac1 Rd7 22. Bf3 h6 23. Kg2 Kh8 24. h4 Kg8 25. Rc2 Qd8 26. Qb3 Ra7 27. Rc4 Qd7 28. Bc1 Rb7 29. Be3 Rbb8 30. Rdc1 c5 31. Bf4 Rb7 32. Rd1 b5 33. axb5 Rxb5 34. Qc2 Rb4 35. dxc5 Rxc4 36. Qxc4 Qe8 37. c6 1/2-1/2

[Event "DC int."]
[Site "Arlington USA"]
[Date "2015.06.28"]
[Round "7"]
[White "Kovalyov, Anton"]
[Black "Arun Prasad, Subramanian"]
[Result "1/2-1/2"]
[WhiteElo "2613"]
[BlackElo "2496"]
[PlyCount "115"]
[GameId "2130307657901988"]
[EventDate "2015.06.25"]
[EventType "swiss"]
[EventRounds "9"]
[EventCountry "USA"]
[SourceTitle "Mega2015 Update 33"]
[Source "Chessbase"]
[SourceDate "2015.07.10"]
[SourceVersion "1"]
[SourceVersionDate "2015.07.10"]
[SourceQuality "1"]

1. Nf3 d5 2. d4 Nf6 3. c4 c6 4. e3 g6 5. Nc3 Bg7 6. Be2 O-O 7. O-O e6 8. b4 dxc4 9. Bxc4 b5 10. Bd3 a5 11. bxa5 Qxa5 12. Bd2 Qa3 13. Qb3 Nbd7 14. Ne4 Nd5 15. Rac1 Bb7 16. Bb1 Qe7 17. Nc5 Nxc5 18. Rxc5 Ra4 19. Rfc1 Rd8 20. Qb2 Nb6 21. Qb3 Nd7 22. R5c2 Rda8 23. Be1 e5 24. d5 c5 25. Qxb5 Bxd5 26. Rd1 Be6 27. Rcc1 R8a7 28. Nd2 Rb4 29. Qd3 Bxa2 30. Bxa2 Rxa2 31. Ne4 Rb7 32. Nd6 Rb8 33. Nxf7 Qxf7 34. Qxd7 Qxd7 35. Rxd7 Rc8 36. Bc3 c4 37. Kf1 Rf8 38. f3 Rc8 39. h3 Bh8 40. e4 Bf6 41. Rd5 Bg5 42. Rb1 Be3 43. Rd7 Rf2+ 44. Ke1 Rxg2 45. Rbb7 Bd4 46. Rg7+ Kf8 47. Rgf7+ Kg8 48. Rg7+ Kf8 49. Bb4+ Bc5 50. Rxh7 Rg1+ 51. Ke2 Rg2+ 52. Kd1 Kg8 53. Rhg7+ Kh8 54. Bxc5 Rxc5 55. Ke1 c3 56. Rh7+ Kg8 57. Rhg7+ Kh8 58. Rh7+ 1/2-1/2

[Event "DC int."]
[Site "Arlington USA"]
[Date "2015.06.29"]
[Round "8"]
[White "Ghaem Maghami, Ehsan"]
[Black "Kovalyov, Anton"]
[Result "1-0"]
[WhiteElo "2562"]
[BlackElo "2613"]
[PlyCount "57"]
[GameId "2130307657901999"]
[EventDate "2015.06.25"]
[EventType "swiss"]
[EventRounds "9"]
[EventCountry "USA"]
[SourceTitle "Mega2015 Update 33"]
[Source "Chessbase"]
[SourceDate "2015.07.10"]
[SourceVersion "1"]
[SourceVersionDate "2015.07.10"]
[SourceQuality "1"]

1. c4 e5 2. Nc3 Nc6 3. Nf3 Nf6 4. e4 Bb4 5. d3 d6 6. a3 Bxc3+ 7. bxc3 h6 8. g3 O-O 9. Bg2 Nd7 10. O-O Ne7 11. Nh4 g5 12. Nf5 Nxf5 13. exf5 Kg7 14. h4 Rg8 15. hxg5 hxg5 16. d4 Qf6 17. g4 Qh6 18. Re1 Rh8 19. Kf1 Rb8 20. Be3 b6 21. Ke2 Qh2 22. Bc6 Rh3 23. Kd2 e4 24. Rh1 Qxh1 25. Qxh1 Rxh1 26. Rxh1 Nf6 27. Bxg5 Nxg4 28. Bxe4 f6 29. Bh4 1-0

[Event "DC int."]
[Site "Arlington USA"]
[Date "2015.06.30"]
[Round "9"]
[White "Kovalyov, Anton"]
[Black "Viswanadha, Kesav"]
[Result "1-0"]
[WhiteElo "2613"]
[BlackElo "2358"]
[PlyCount "113"]
[GameId "2130307657902011"]
[EventDate "2015.06.25"]
[EventType "swiss"]
[EventRounds "9"]
[EventCountry "USA"]
[SourceTitle "Mega2015 Update 33"]
[Source "Chessbase"]
[SourceDate "2015.07.10"]
[SourceVersion "1"]
[SourceVersionDate "2015.07.10"]
[SourceQuality "1"]

1. Nf3 Nf6 2. c4 e6 3. Nc3 Bb4 4. Qc2 O-O 5. a3 Bxc3 6. Qxc3 d6 7. d3 e5 8. e3 a5 9. b3 Nbd7 10. Be2 Re8 11. O-O Nf8 12. Bb2 Ng6 13. Rfe1 c6 14. b4 Bf5 15. Qb3 Qe7 16. Bc3 axb4 17. axb4 h6 18. Qb2 Rad8 19. Ra7 Rd7 20. Bf1 b5 21. Ra6 Rc7 22. Nd2 Rb8 23. Qa3 Kh7 24. h3 Bc8 25. Ra5 Bd7 26. Ra1 Ne8 27. Ra8 Rxa8 28. Qxa8 f5 29. Ra7 Rxa7 30. Qxa7 Qd8 31. g3 Qc8 32. f4 Nf6 33. Kf2 Qd8 34. Bg2 h5 35. Nf3 Qe7 36. Qb8 bxc4 37. Ng5+ Kh6 38. Qxd6 Qxd6 39. Nf7+ Kh7 40. Nxd6 exf4 41. exf4 cxd3 42. Bxf6 gxf6 43. h4 Nf8 44. Ke3 Kg6 45. Kxd3 Ne6 46. Kc4 Nc7 47. Kc3 Na6 48. Nb7 Be8 49. Bf3 Kh6 50. Be2 Nc7 51. Bc4 Kg7 52. Na5 Na8 53. Kd4 Nb6 54. Kc5 Na4+ 55. Kd6 Nc3 56. Ke7 Bg6 57. Nxc6 1-0